00301nam a2200121Ia 4500003000400000005001700004008004100021020001800062040002700080100001800107245003400125260002000159OSt20240314145430.0170523s9999 xx 000 0 und d a9788120342422 cIIMT UNIVERSITY MEERUT aMehta- Neeraj 0aApplied Physics For Engineers aNew Delhi : PHI